Normal view
MARC view
Entry Topical Term
001 - CONTROL NUMBER
- control field: 52218
003 - CONTROL NUMBER IDENTIFIER
- control field: ARRUPE
005 - DATE AND TIME OF LATEST TRANSACTION
- control field: 20230307140741.0
008 - FIXED-LENGTH DATA ELEMENTS
- fixed length control field: 230307|| aca||aabn | a|a d
040 ## - CATALOGING SOURCE
- Original cataloging agency: ARRUPE
- Transcribing agency: ARRUPE
150 ## - HEADING--TOPICAL TERM
- Topical term or geographic name as entry element: self-actualization(psychology)
670 ## - SOURCE DATA FOUND
- Source citation: Work cat.: (ARRUPE)131659: Cohen, Stanley 48317, Escape attempets;, 1992.